000 00366nam a2200121Ia 4500
003 GCL
008 140319s9999 xx 000 0 ara d
040 _aGCL /
_cGCL
082 0 4 _a819.009
_bم ا
245 1 0 _aاللغة والبلاغة والميلاد الجديد
260 _a[S.N] :
_bدار سعاد الصباح
490 _aسلسلة دراسات نقدية
_v0
999 _c34880
_d34880